000 00745nam a22002417a 4500
003 UA-OsUOA
001 42900
007 ta
008 20061127b un ||||| |||| 00| 0 ukr d
100 _aЛіпкан В.
090 _a340.1+35.078.3(477)
_bЛ61
942 _cBK
040 _aUA-OsUOA
_bukr
_cUA-OsUOA
_dUA-OsUOA
245 _aУправління системою національної безпеки України
300 _a68 с.
955 _a2
041 _aukr
080 _a340.1+35.078.3(477)
020 _a966-373-117-6
260 _aК.
_bКНТ
_c2006
650 7 _a340 Право в цілому. Пропедевтика. Методи та допоміжні правничі науки
_2UDC
999 _c328979
_d328979